Kuih-muih Utara

Bibliographic Details
Main Author: Zakiah Hanum
Format: Book
Published: Kuala Lumpur : Berita publishing , 1992
Subjects:

MARC

LEADER 00000cam a2200000 7i4500
001 0000008383
002 000009138
005 20000330.0
020 |a 9679693996 
090 0 0 |a 641.8654   |b ZAK 
100 0 |a Zakiah Hanum 
245 1 0 |a Kuih-muih Utara   |c Zakiah Hanum 
260 |a Kuala Lumpur :   |b Berita publishing ,   |c 1992 
300 |a 129p. :   |b ill. ;   |c 29cm. 
650 0 0 |a Cookery   |z Malaysia 
999 |a 047737   |b BUKU   |c PINJAMAN   |e PERPUSTAKAAN KOMUNITI PETALING JAYA 
999 |a 056431   |b BUKU   |c PINJAMAN   |e PERPUSTAKAAN KOMUNITI CAW KOTA DAMANSARA 
999 |a 056432   |b BUKU   |c PINJAMAN   |e PERPUSTAKAAN KOMUNITI CAW KOTA DAMANSARA 
999 |a 063646   |b BUKU   |c PINJAMAN   |e PERPUSTAKAAN KOMUNITI CAW KOTA DAMANSARA